| 000 | 01071nam a22003137a 4500 | ||
|---|---|---|---|
| 003 | CHAP | ||
| 005 | 20220817041908.0 | ||
| 008 | 971013s1971 r 00010 d | ||
| 010 | _a28013 | ||
| 011 | _a28985 | ||
| 035 | _a33096 | ||
| 040 | _cCHAP | ||
| 090 | _aFolleto 3753 | ||
| 100 | 0 | 0 |
_aMcDowell, Robert E. _973497 |
| 245 | _aFeasibility of commercial dairying with cattle indigenous in the tropics | ||
| 260 |
_aIthaca : _bNew York State College of Agriculture, _c1971 |
||
| 300 |
_a22 p. _b: ilus |
||
| 490 |
_aCornell International Agricultural Development. Bulletin _v; 21 |
||
| 590 |
_aBATCH-UPD _b10 _c20130110 _lUCH01 _h1959 |
||
| 590 |
_aBATCH-UPD _b10 _c20130410 _lUCH01 _h1319 |
||
| 590 |
_aBATCH-UPD _b10 _c20130914 _lUCH01 _h1516 |
||
| 590 |
_aCONVERSION _b10 _c20130109 _lUCH01 _h1316 |
||
| 650 | 1 | 4 |
_aGanado lechero _xTrópicos. _945303 |
| 650 | 1 | 4 |
_aLeche _xProducción. _965400 |
| 830 | 0 |
_aCornell international agricultural development bulletin _v; 21 |
|
| 901 | _aBK | ||
| 942 | _cFOLL | ||
| 949 |
_aFolleto 3753 _bBC _cFOLL _d-76956 _eTS1 _i33096 _mD _si |
||
| 999 |
_c28013 _d28013 |
||